Consignas / (Record no. 20857)

MARC details
000 -LEADER
campo de control de longitud fija 00537nam a2200169 i 4500
001 - NÚMERO DE CONTROL
campo de control 20857
003 - IDENTIFICADOR DE NÚMERO DE CONTROL
campo de control ES-MaACL
007 - CAMPO FIJO DE DESCRIPCIÓN FÍSICA--INFORMACIÓN GENERAL
campo de control de longitud fija t|
008 - DATOS DE LONGITUD FIJA--INFORMACIÓN GENERAL
campo de control de longitud fija 021119s1973 ag ||||1| spa d
100 1# - ENTRADA PRINCIPAL--NOMBRE DE PERSONA
Nombre de persona Adorno, Theodor W.
9 (RLIN) 18468
245 10 - MENCIÓN DEL TÍTULO
Título Consignas /
Mención de responsabilidad, etc. Theodor W. Adorno ; [traducción Ramón Bilbao ; revisión María Angélica Aráoz].
260 ## - PUBLICACIÓN, DISTRIBUCIÓN, ETC.
Lugar de publicación, distribución, etc. Buenos Aires :
Nombre del editor, distribuidor, etc. Amorrortu,
Fecha de publicación, distribución, etc. [1973]
300 ## - DESCRIPCIÓN FÍSICA
Extensión 181 p. ;
Dimensiones 20 cm.
700 1# - ENTRADA AGREGADA--NOMBRE PERSONAL
Nombre de persona Bilbao, Ramón.
9 (RLIN) 28868
700 1# - ENTRADA AGREGADA--NOMBRE PERSONAL
Nombre de persona Aráoz, María Angélica.
9 (RLIN) 22341
852 ## - LOCALIZACIÓN
Ubicación ES-MaACL
Número de control de estantería E-8649
Sublocalización o colección R.92997
Holdings
Estatus retirado Estado de pérdida Estado de daño No para préstamo Biblioteca de origen Biblioteca actual Ubicación en estantería Fecha de adquisición Fuente de adquisición Total de préstamos Signatura topográfica completa Código de barras Visto por última vez Precio de reemplazo Tipo de ítem Koha
        Biblioteca del Ateneo de Madrid Biblioteca del Ateneo de Madrid Depósito 2 17/01/2008     E-8649 1021419 23/02/2023 23/02/2023 Libro impreso